[Event "MGL-ch"]
[Site "Ulaanbaatar"]
[Date "2023.05.23"]
[Round "4"]
[White "Munguntuul, Batkhuyag"]
[Black "Ulziikhishig, Khishigbat"]
[Result "1-0"]
[WhiteElo "2408"]
[BlackElo "1601"]
[PlyCount "93"]
[EventDate "2023.05.20"]
[EventType "tourn"]
[EventRounds "11"]
[EventCountry "MGL"]
[EventCategory "1"]
[SourceTitle "CBM 214 Extra"]
[Source "ChessBase"]
[SourceDate "2023.07.31"]
[SourceVersion "1"]
[SourceVersionDate "2023.07.31"]
[SourceQuality "1"]

1. e4 c5 2. Nf3 d6 3. d4 cxd4 4. Nxd4 Nf6 5. Nc3 g6 6. Be3 Bg7 7. f3 0-0 8. Qd2 Nc6 9. 0-0-0 d5 10. Qe1 e5 11. Nxc6 bxc6 12. exd5 Nxd5 13. Bc4 Be6 14. Ne4 Qb8 15. Bc5 Rd8 16. Qh4 h6 17. g4 Qc7 18. Bb3 Nf4 19. Bd6 Qa5 20. Kb1 Bxb3 21. axb3 Nd5 22. Bc5 Re8 23. Rhg1 Re6 24. Rg2 Nf6 25. b4 Qb5 26. Nd6 Qb8 27. Nf5 Kh7 28. Nxh6 Bxh6 29. g5 Nh5 30. gxh6 Rf6 31. Qe4 a5 32. Rg5 Rf4 33. Qxc6 axb4 34. b3 Rf6 35. Rd6 Rxd6 36. Qxd6 Qb5 37. Rg1 Qa5 38. Qxe5 Qa2+ 39. Kc1 Rc8 40. Rg4 Qa5 41. Rc4 Qa3+ 42. Kb1 Qa8 43. Qe3 Qd5 44. Kb2 Rc7 45. f4 Kxh6 46. Bf8+ Kh7 47. Bc5 1-0

[Event "Asia zt 3.3 (Women)"]
[Site "Jakarta"]
[Date "2023.05.10"]
[Round "7"]
[White "Gong, Qianyun"]
[Black "Munguntuul, Batkhuyag"]
[Result "1-0"]
[WhiteElo "2247"]
[BlackElo "2408"]
[PlyCount "69"]
[EventDate "2023.05.06"]
[EventType "swiss"]
[EventRounds "9"]
[EventCountry "INA"]
[SourceTitle "CBM 214 Extra"]
[Source "ChessBase"]
[SourceDate "2023.07.31"]
[SourceVersion "1"]
[SourceVersionDate "2023.07.31"]
[SourceQuality "1"]

1. e4 c5 2. Nf3 e6 3. Nc3 Nc6 4. h3 a6 5. d4 cxd4 6. Nxd4 Qc7 7. Nxc6 bxc6 8. Bd3 Nf6 9. 0-0 d5 10. Qe2 Be7 11. Bg5 Nxe4 12. Bxe7 Nxc3 13. Qg4 Kxe7 14. Qxg7 Bb7 15. bxc3 Rag8 16. Qh6 c5 17. Rfe1 Kd7 18. Qf6 Rf8 19. Rab1 c4 20. Bf5 Kc8 21. Bg4 Rhg8 22. Rb2 Bc6 23. Reb1 Kd7 24. a4 Qd8 25. Qd4 Qc7 26. Rb6 f5 27. Bf3 a5 28. Rxc6 Kxc6 29. Rb5 Kd6 30. Bxd5 Rb8 31. Bxc4+ Ke7 32. Qh4+ Ke8 33. Qf6 Rb6 34. Rxb6 Qxb6 35. Bb5+ 1-0

[Event "Asia zt 3.3 (Women)"]
[Site "Jakarta"]
[Date "2023.05.10"]
[Round "6"]
[White "Hoang, Thi Bao Tram"]
[Black "Munguntuul, Batkhuyag"]
[Result "1/2-1/2"]
[WhiteElo "2277"]
[BlackElo "2408"]
[PlyCount "79"]
[EventDate "2023.05.06"]
[EventType "swiss"]
[EventRounds "9"]
[EventCountry "INA"]
[SourceTitle "CBM 214 Extra"]
[Source "ChessBase"]
[SourceDate "2023.07.31"]
[SourceVersion "1"]
[SourceVersionDate "2023.07.31"]
[SourceQuality "1"]

1. Nf3 d5 2. g3 Bg4 3. Bg2 Nd7 4. h3 Bh5 5. c4 c6 6. cxd5 cxd5 7. Qb3 Qc7 8. Nc3 e6 9. d3 a6 10. 0-0 Bd6 11. e4 Nc5 12. Qc2 Ne7 13. e5 Bxe5 14. Nxe5 Qxe5 15. Nxd5 exd5 16. Qxc5 0-0 17. f4 Rac8 18. Qf2 Qe2 19. g4 Qxd3 20. gxh5 Nf5 21. Qd2 Qg3 22. Qe1 Rfe8 23. Qxg3 Nxg3 24. Rd1 Rc2 25. Bd2 Re2 26. Rac1 Rexd2 27. Rxd2 Rxc1+ 28. Kf2 Nxh5 29. Bxd5 g6 30. Bxb7 a5 31. f5 Kg7 32. fxg6 hxg6 33. Bf3 Nf4 34. h4 Rc4 35. Kg3 a4 36. Bd1 Nh5+ 37. Kh3 Nf4+ 38. Kg3 Nh5+ 39. Kh3 Nf4+ 40. Kg3 1/2-1/2